000 00852nam a2200265Ia 4500
003 OSt
005 20221005084916.0
006 a|||||r|||| 00| 0
007 ta
008 221004b |||||||| |||| 00| 0 eng d
020 _a9781107078413 (hbk)
_cUKP 64.99
024 _a29540
037 _b109934, 09/03/2017, International Book Distributors
_cTextual
040 _aCRL
_cCRL
_beng
041 _2eng
_aeng
082 _aO111,6(w,1)v, Q6
100 _aSmyth Adam Ed.
_9613691
245 0 _aHistory of english autobiography
260 _aNew York
_bCambridge University Press USA
_c2016
300 _axvi,437p.
_ccm.
650 _a ENGLISH ESSAYS
_925951
650 _aAUTOBIOGRAPHIES
942 _hO111,6(w,1)v, Q6
_cTEXL
_2cc
999 _c993292
_d993292